| 000 | 00490nam a2200157 4500 | ||
|---|---|---|---|
| 008 | 150930b xxu||||| |||| 00| 0 eng d | ||
| 020 | _a0393958728 | ||
| 050 | _aPS 507 .B39 1998 | ||
| 100 |
_aBaym, Nina _d1998 |
||
| 245 |
_aThe Norton Anthology Of American Literature _cNina Baym |
||
| 250 | _a5th ed. | ||
| 260 |
_aNew York: _bW.W. Norton & Company, _c1998. |
||
| 300 |
_axxxv, 2918p.: _bIncludes Index. |
||
| 650 | _aLiterature | ||
| 942 |
_2lcc _cBOOKS _hPS 507 .B39 1998 |
||
| 999 |
_c6826 _d6826 |
||